Zopakujme si mechaniku : stručný přehled technické mechaniky v teorii a v praxi /

Hlavní autor: Krutina, Jaroslav
Jazyk: Čeština
Vydáno: Praha : Práce, 1959
Vydání: 1. vyd.
Edice: Technický výběr do kapsy
Externí odkaz: Digitalizovaný dokument
Fyzický popis: 158 s. ; 8°
Knihy
Uloženo v:
LEADER 00969nam a22002772a 4500
001 000970213
003 CZ BrMZK
005 20100319081447.0
007 ta
008 091009s1959 xr er|||||||||||cze d
015 |a cnb000513806 
035 |a (OCoLC)85322698 
040 |a ABA001  |b cze  |d BOA001 
080 9 |a 531(024) 
100 1 |a Krutina, Jaroslav  |7 jk01063603  |4 aut 
245 1 0 |a Zopakujme si mechaniku :  |b stručný přehled technické mechaniky v teorii a v praxi /  |c Jaroslav Krutina 
250 |a 1. vyd. 
260 |a Praha :  |b Práce,  |c 1959 
300 |a 158 s. ;  |c 8° 
490 1 |a Technický výběr do kapsy ;  |v sv. 11 
830 0 |a Technický výběr do kapsy  |0 s 
856 4 1 |u http://www.digitalniknihovna.cz/mzk/uuid/uuid:83bc5e90-568b-11e3-ae59-005056827e52  |y Digitalizovaný dokument  |x NDK 
910 |a BOA001  |b 1-0412.474 
990 |a BK 
991 |b 200910 
996 6 |b 2619422288  |c 1-0412.474  |l MZK  |r Sklad / do 1 hodiny  |n 0  |w 000970213  |u 000010  |a 1  |e BOA001  |j MZK50  |s P